Best Player from each European Country - Statistics

General Stats
  • This quiz has been taken 41 times
  • The average score is 19 of 49
Answer Stats
Nation Club Rating Player % Correct
Croatia Real Madrid 90 Luka Modric
97%
Belgium Man City 91 Kevin de Bruyne
93%
England Spurs 89 Harry Kane
90%
France PSG 89 Kylian Mbappe
90%
Portugal Juventus 93 Cristiano Ronaldo
83%
Wales Real Madrid 85 Gareth Bale
83%
Austria Bayern 85 David Alaba
80%
Poland Bayern 89 Robert Lewandowski
80%
Denmark Spurs 88 Christian Eriksen
73%
Bosnia Juventus 86 Miralem Pjanic
73%
Sweden LA Galaxy 85 Zlatan Ibrahimovic
73%
Germany Dortmund 88 Marco Reus
70%
Spain Real Madrid 89 Sergio Ramos
70%
Netherlands Liverpool 90 Virgil van Dijk
67%
Italy Juventus 89 Giorgio Chiellini
60%
Serbia Lazio 85 Sergej Milinkovic-Savic
60%
Montenegro Atletico Madrid 82 Stefan Savic
60%
Slovenia Atletico Madrid 91 Jan Oblak
57%
Greece Arsenal 84 Sokratis
57%
Iceland Everton 83 Gylfi Sigurdsson
53%
Scotland Liverpool 85 Andrew Robertson
50%
Armenia AS Roma 81 Henrikh Mkhitaryan
40%
Ireland Everton 79 Seamus Coleman
37%
Slovakia Inter 86 Milan Skriniar
33%
Albania Napoli 80 Elseid Hysaj
30%
Northern Ireland Leicester City 79 Jonny Evans
30%
Norway Bournemouth 79 Joshua King
30%
Switzerland Gladbach 84 Yann Sommer
30%
Turkey AC Milan 80 Hakan Calhanoglu
27%
Kosovo Werder Bremen 79 Milot Rashica
20%
Estonia Cagliari 76 Ragnar Klavan
20%
Hungary Leipzig 81 Willi Orban
17%
Finland Werder Bremen 79 Niklas Moisander
13%
Czechia Hoffenheim 80 Pavel Kaderabek
10%
Romania Lazio 80 Stefan Radu
10%
Moldova Cagliari 75 Artur Ionita
7%
Lithuania Legia Warsaw 72 Arvydas Novikovas
7%
Macedonia Levante 78 Enis Bardhi
7%
Kazakhstan Heracles 69 Alexander Merkel
3%
Azerbaijan Albacete 70 Eddy Silvestre
3%
Bulgaria Delfino 73 Ivaylo Chochev
3%
Cyprus Standard Liege 75 Konstantinos Laifis
3%
Malta Colchester United 63 Luke Gambin
3%
Latvia Xamax 64 Marcis Oss
3%
Russia CSKA Moscow 82 Mario Fernandes
3%
Ukraine Shakhtar 82 Marlos
3%
Luxembourg NYFC 72 Maxime Chanot
3%
Liechtenstein Kansas City 65 Nicolas Hasler
3%
Georgia Lokomotiv 76 Solomon Kvirkvelia
0%
No matching quizzes found
Score Distribution
Percent of People with Each Score
Percentile by Number Answered
Your Score History
You have not taken this quiz